Behavior in organizations :an experiential approach / (Record no. 3795)

000 -LEADER
fixed length control field 00951nam a2200301 a 4500
001 - CONTROL NUMBER
control field 1008087
003 - CONTROL NUMBER IDENTIFIER
control field OSt
005 - DATE AND TIME OF LATEST TRANSACTION
control field 20170328120431.0
008 - FIXED-LENGTH DATA ELEMENTS--GENERAL INFORMATION
fixed length control field 871001s1988 ilua b 001 0 eng
010 ## - LIBRARY OF CONGRESS CONTROL NUMBER
LC control number 87082925
020 ## - INTERNATIONAL STANDARD BOOK NUMBER
International Standard Book Number 025603656X
040 ## - CATALOGING SOURCE
Original cataloging agency DLC
Transcribing agency DLC
Modifying agency DLC
050 00 - LIBRARY OF CONGRESS CALL NUMBER
Classification number HD58.7.L37 1988
082 00 - DEWEY DECIMAL CLASSIFICATION NUMBER
Classification number 302.3/5
Edition number 19
100 1# - MAIN ENTRY--PERSONAL NAME
Personal name Lau, James Brownlee,
Dates associated with a name 1916-
245 10 - TITLE STATEMENT
Title Behavior in organizations :an experiential approach /
Statement of responsibility, etc James B. Lau, A.B. (Rami) Shani.
250 ## - EDITION STATEMENT
Edition statement 4th ed.
260 ## - PUBLICATION, DISTRIBUTION, ETC. (IMPRINT)
Place of publication, distribution, etc Homewood, Ill. :
Name of publisher, distributor, etc Irwin,
Date of publication, distribution, etc 1988.
300 ## - PHYSICAL DESCRIPTION
Extent xi, 584 p. :
Other physical details ill. ;
Dimensions 28 cm.
440 #4 - SERIES STATEMENT/ADDED ENTRY--TITLE
Title The Irwin series in management and the behavioral sciences
504 ## - BIBLIOGRAPHY, ETC. NOTE
Bibliography, etc Includes bibliographies and index.
650 #0 - SUBJECT ADDED ENTRY--TOPICAL TERM
Topical term or geographic name as entry element Organizational behavior.
650 #0 - SUBJECT ADDED ENTRY--TOPICAL TERM
Topical term or geographic name as entry element Group relations training.
700 1# - ADDED ENTRY--PERSONAL NAME
Personal name Shani, Abraham B.
906 ## - LOCAL DATA ELEMENT F, LDF (RLIN)
a 7
b cbc
c orignew
d 3
e opcn
f 19
g y-gencatlg
942 ## - ADDED ENTRY ELEMENTS (KOHA)
Source of classification or shelving scheme
Koha item type Book
Holdings
Withdrawn status Lost status Source of classification or shelving scheme Damaged status Not for loan Home library Current library Shelving location Date acquired Total Checkouts Full call number Barcode Date last seen Copy number Price effective from Koha item type
          Riara University Library Riara University Library General stack 28/03/2017   HD58.7.L37 1988 8911/17 28/03/2017 C.1 28/03/2017 Book

Riara University Library,
P.O. Box 49940-00100,
Nairobi, Kenya.